Estadísticas para Geografía de las Américas por Letra - D

Haz click aquí para tomar la prueba!

Estadísticas generales

  • Esta prueba ha sido tomada 365 veces
  • La puntuación promedio es 10 de 18

Estadísticas de respuestas

PistaRespuesta% Correcto
Groenlandia es parte de este país europeoDinamarca
96%
País en el Mar CaribeDominica
91%
El primer estado de EE.UU.Delaware
87%
Una gran ciudad de TexasDallas
86%
Capital de ColoradoDenver
83%
Atacama o Mojave, por ejemploDesierto
80%
Estado donde se encuentra el Monte RushmoreDakota del Sur
74%
Ciudad conocida como "Motown"Detroit
65%
Estado montañoso de México centralDurango
44%
Anteriormente conocido como Monte McKinleyDenali
41%
La capital de ese estadoDover
39%
La ciudad más grande de IowaDes Moines
38%
La ciudad de Ohio donde se firmaron los
acuerdos de paz de los Balcanes
Dayton
34%
Es imposible conducir entre Norteamérica y
Sudamérica debido a esta zona pantanosa
Darién
30%
Un cuerpo de agua al sur del Cabo de
Hornos, llamado así por un capitán inglés
Paso {Drake}
28%
Ciudad de Minnesota que toca el Lago SuperiorDuluth
26%
Ciudad en el Triángulo de Investigación de Carolina del NorteDurham
22%
La ciudad de la fiebre del oro de KlondikeDawson
18%

Distribución de puntuación

Porcentaje por número respondido

Porcentaje de gente con cada puntuación

Historial de tus puntuaciones

No has tomado esta prueba